| 000 | 00833nam a2200289 a 4500 | ||
|---|---|---|---|
| 001 | 31349 | ||
| 003 | BD-RjUL | ||
| 005 | 20211209051706.0 | ||
| 008 | 140415s1968 enk b 001 0 eng d | ||
| 020 | _a0710036396 | ||
| 035 | _a(BD-RjUL)31436 | ||
| 035 | _a(OCoLC)47203422 | ||
| 040 |
_aBD-RjUL _beng _cBD-RjUL |
||
| 041 | _aeng | ||
| 082 |
_a149.73 _bNAS 1968 |
||
| 100 | 1 |
_aNaess, Arne. _995403 |
|
| 245 | 1 | 0 |
_aScepticism / _cby Arne Naess. |
| 260 |
_aLondon : _bRoutledge & Kegan Paul ; _aNew York : _bHumanities Press, _c1968. |
||
| 300 |
_aix, 165 p. ; _c23 cm. |
||
| 504 | _aBibliography: p. 158-161. | ||
| 504 | _aIncludes index. | ||
| 650 | 0 |
_aSkepticism. _965028 |
|
| 830 | 0 |
_aInternational library of philosophy and scientific method _995411 |
|
| 942 |
_2ddc _cBK |
||
| 999 |
_c31349 _d31349 |
||